<?xml version="1.0" encoding="UTF-8"?>
<record
    xmlns:xsi="http://www.w3.org/2001/XMLSchema-instance"
    xsi:schemaLocation="http://www.loc.gov/MARC21/slim http://www.loc.gov/standards/marcxml/schema/MARC21slim.xsd"
    xmlns="http://www.loc.gov/MARC21/slim">

  <leader>01092nam a22002537a 4500</leader>
  <controlfield tag="003">NALT</controlfield>
  <controlfield tag="005">20250724140211.0</controlfield>
  <controlfield tag="008">               th                  tha d</controlfield>
  <datafield tag="020" ind1=" " ind2=" ">
    <subfield code="a">9748568733</subfield>
  </datafield>
  <datafield tag="040" ind1=" " ind2=" ">
    <subfield code="a">NALT</subfield>
  </datafield>
  <datafield tag="041" ind1=" " ind2=" ">
    <subfield code="a">tha</subfield>
  </datafield>
  <datafield tag="050" ind1=" " ind2=" ">
    <subfield code="a">DS 578.3</subfield>
    <subfield code="b">&#xE1A;426&#xE23; </subfield>
  </datafield>
  <datafield tag="100" ind1="0" ind2=" ">
    <subfield code="a">&#xE40;&#xE1E;&#xE25;&#xE34;&#xE07; &#xE20;&#xE39;&#xE1C;&#xE32;.</subfield>
    <subfield code="9">23178</subfield>
  </datafield>
  <datafield tag="245" ind1="1" ind2="0">
    <subfield code="a">&#xE23;&#xE27;&#xE22;&#xE41;&#xE1A;&#xE1A;&#xE02;&#xE38;&#xE19;&#xE28;&#xE36;&#xE01; /</subfield>
    <subfield code="c">&#xE40;&#xE1E;&#xE25;&#xE34;&#xE07; &#xE20;&#xE39;&#xE1C;&#xE32;.</subfield>
  </datafield>
  <datafield tag="260" ind1="3" ind2=" ">
    <subfield code="a">[&#xE01;&#xE23;&#xE38;&#xE07;&#xE40;&#xE17;&#xE1E;&#xE2F;] : </subfield>
    <subfield code="b">&#xE1A;&#xE38;&#xE0D;&#xE0A;&#xE31;&#xE22;&#xE40;&#xE1E;&#xE23;&#xE2A;</subfield>
  </datafield>
  <datafield tag="300" ind1=" " ind2=" ">
    <subfield code="a">141 &#xE2B;&#xE19;&#xE49;&#xE32; :</subfield>
    <subfield code="b">&#xE20;&#xE32;&#xE1E;&#xE1B;&#xE23;&#xE30;&#xE01;&#xE2D;&#xE1A; ;</subfield>
    <subfield code="c">19 &#xE0B;&#xE21;.</subfield>
  </datafield>
  <datafield tag="600" ind1="0" ind2="4">
    <subfield code="9">53148</subfield>
    <subfield code="a">&#xE0A;&#xE32;&#xE15;&#xE34;&#xE0A;&#xE32;&#xE22; &#xE0A;&#xE38;&#xE13;&#xE2B;&#xE30;&#xE27;&#xE31;&#xE13;</subfield>
    <subfield code="x">&#xE0A;&#xE35;&#xE27;&#xE1B;&#xE23;&#xE30;&#xE27;&#xE31;&#xE15;&#xE34;</subfield>
  </datafield>
  <datafield tag="600" ind1="0" ind2="4">
    <subfield code="9">22065</subfield>
    <subfield code="a">&#xE1B;&#xE23;&#xE30;&#xE21;&#xE32;&#xE13; &#xE2D;&#xE14;&#xE34;&#xE40;&#xE23;&#xE01;&#xE2A;&#xE32;&#xE23;</subfield>
    <subfield code="x">&#xE0A;&#xE35;&#xE27;&#xE1B;&#xE23;&#xE30;&#xE27;&#xE31;&#xE15;&#xE34;</subfield>
  </datafield>
  <datafield tag="600" ind1="0" ind2="4">
    <subfield code="9">54169</subfield>
    <subfield code="a">&#xE1B;&#xE23;&#xE30;&#xE20;&#xE32;&#xE2A; &#xE08;&#xE32;&#xE23;&#xE38;&#xE40;&#xE2A;&#xE16;&#xE35;&#xE22;&#xE23;</subfield>
    <subfield code="x">&#xE0A;&#xE35;&#xE27;&#xE1B;&#xE23;&#xE30;&#xE27;&#xE31;&#xE15;&#xE34;</subfield>
  </datafield>
  <datafield tag="600" ind1="0" ind2="0">
    <subfield code="a">&#xE16;&#xE19;&#xE2D;&#xE21; &#xE01;&#xE34;&#xE15;&#xE15;&#xE34;&#xE02;&#xE08;&#xE23;</subfield>
    <subfield code="d">&#xE0A;&#xE35;&#xE27;&#xE1B;&#xE23;&#xE30;&#xE27;&#xE31;&#xE15;&#xE34;</subfield>
    <subfield code="9">17371</subfield>
  </datafield>
  <datafield tag="850" ind1=" " ind2=" ">
    <subfield code="a">NALT</subfield>
  </datafield>
  <datafield tag="942" ind1=" " ind2=" ">
    <subfield code="c">GB</subfield>
    <subfield code="2">lcc</subfield>
  </datafield>
  <datafield tag="998" ind1=" " ind2=" ">
    <subfield code="c">103</subfield>
    <subfield code="j">1020</subfield>
    <subfield code="k"> &#xE19;&#xE32;&#xE07;&#xE08;&#xE33;&#xE40;&#xE23;&#xE35;&#xE22;&#xE07;  &#xE23;&#xE30;&#xE27;&#xE31;&#xE07;&#xE2A;&#xE33;&#xE42;&#xE23;&#xE07;</subfield>
  </datafield>
  <datafield tag="999" ind1=" " ind2=" ">
    <subfield code="c">40566</subfield>
    <subfield code="d">40566</subfield>
  </datafield>
  <datafield tag="952" ind1=" " ind2=" ">
    <subfield code="0">0</subfield>
    <subfield code="1">0</subfield>
    <subfield code="4">0</subfield>
    <subfield code="7">0</subfield>
    <subfield code="8">CGBL</subfield>
    <subfield code="a">NALT</subfield>
    <subfield code="b">NALT</subfield>
    <subfield code="l">0</subfield>
    <subfield code="o">DS 578.3 &#xE1A;426&#xE23;</subfield>
    <subfield code="p">3961101672</subfield>
    <subfield code="r">2017-06-09 00:00:00</subfield>
    <subfield code="w">2017-06-09</subfield>
    <subfield code="y">GB</subfield>
  </datafield>
</record>
